MARC

LEADER 00000nam0a2200000 4500
001 328423
005 20231102004047.0
035 |a (RuTPU)RU\TPU\book\354123 
035 |a RU\TPU\book\285381 
090 |a 328423 
100 |a 20170216d1978 k y0rusy5003 ca 
101 0 |a rus 
102 |a RU 
105 |a a z 001zy 
200 1 |a Электрические источники света  |e [сборник]  |f Всесоюзный научно-исследовательский, проектно-конструкторский и технологический институт источников света им. А. Н. Лодыгина (ВНИИИС) ; отв. ред. А. В. Захарьевский 
210 |a Саранск  |c Мордовское кн. изд-во  |d 1978 
215 |a 167 с.  |c ил. 
225 1 |a Труды Всесоюзного научно-исследовательского, проектно-конструкторского и технологического института источников света им. А. Н. Лодыгина (ВНИИИС)  |v Вып. 9 
320 |a Библиогр. в конце ст. 
606 1 |a Электрические источники света  |2 stltpush  |3 (RuTPU)RU\TPU\subj\26955  |9 50782 
610 1 |a световоды 
610 1 |a электрические лампы накаливания 
610 1 |a люминесцентные лампы 
610 1 |a газосветные лампы 
675 |a 621.32  |z rus 
702 1 |a Захарьевский  |b А. В.  |4 340 
712 0 2 |a Всесоюзный научно-исследовательский, проектно-конструкторский и технологический институт источников света им. А. Н. Лодыгина (ВНИИИС)  |c (Саранск)  |c (1969-1992)  |2 stltpush  |3 (RuTPU)RU\TPU\col\17484 
801 0 |a RU  |b RuMRKP  |c 19950417  |g psbo 
801 1 |a RU  |b 63413507  |c 20140531 
801 2 |a RU  |b 63413507  |c 20170227  |g RCR 
942 |c BK